| 000 | 004340000a22001810004500 | ||
|---|---|---|---|
| 003 | MACL | ||
| 005 | 20150814121023.0 | ||
| 008 | 150814b xxu||||| |||| 00| 0 eng d | ||
| 040 |
_aMACL _cMACL |
||
| 041 | _aEnglish | ||
| 082 | _a403 | ||
| 100 |
_aBurnell , A. C. _95506 |
||
| 245 | _aHobson-Jobson | ||
| 260 |
_bAsian Educational Services _c1995 _aNew Delhi |
||
| 350 | _a495 | ||
| 650 |
_aEncyclopedia _9357 |
||
| 942 |
_cBK _k403 _2ddc |
||
| 999 |
_c3071 _d3071 |
||